000 01506nam a2200313 i 4500
003 DO-SdBNP
005 20240814112146.0
007 ta
008 120125s2006 sp a e 001 0 spa d
020 _a8449411548
040 _aDO-SdBNP
_bspa
_cBNPHU
_erda
041 _hspa
082 4 _a338.642
_bE56p
_222
245 0 0 _aEnciclopedia práctica de la pequeña y mediana empresa /
_cdirección, Carlos Gispert ; edición, Luis Borrás ; ilustraciones, Monserrat Marcet.
264 1 _aBarcelona, España :
_bOcéano,
_bCentrum,
_c2016.
300 _a928 páginas :
_bilustraciones, gráficos ;
_c26 cm.
_e+CD-ROM
336 _2rdacontent
_atexto
_btxt
337 _2rdamedia
_asin mediación
_bn
338 _2rdacarrier
_avolumen
_bnc
505 0 _aLa empresa y el mercado --
_tPublicidad y promoción de ventas --
_tLa dirección en las PYMES --
_tLa dirección y el marco de referencia legal --
_tLos recursos humanos --
_tOrganización de las PYMES --
_tLa información para la toma de decisiones --
_tLas finanzas en las PYMES--
_tAnálisis de la empresa --
_tEl proceso electrónico de datos--
_tGlosario de términos empresariales.
590 _aInventariado, 2024/BT
650 4 _aMicroempresas
_xEnciclopedias
_962975
650 4 _aAdministración
_xEnciclopédias
_962976
700 1 2 _aGispert, Carles,
_962977
_ddirección
700 1 2 _aBorrós, Luis,
_eedición
_986307
700 1 2 _aMarcel, Monserrat,
_eilustraciones
_986309
910 _aBtavárez. Validado, control de calidad/MAA
942 _2ddc
_cLBS1
999 _c57406
_d57406